Musica aeterna - zložka Slovenskej filharmónie

Bibliographic Details
Main Author: Albrecht, Ján, 1919-1996 (Author)
Format: Article
Language:Slovak
PhysicalDescription:Obr. 1.
Subjects:

MARC

LEADER 00000nab a2200000 a 4500
001 vtls000292621
003 SK-MaSNL
005 20260304062009.0
008 250422c1987 xo 0 slo
015 |a SNBRB19rr/mm-uuuuu 
035 |a CL0302740 
035 |a urn:nbn:sk:snk-ab2ak4 
035 |a (urnnbn)urn:nbn:sk:snk:ar-a0210z 
035 |a (uuid)61584631-ea42-413d-96f4-bf2b36c0f7f0 
040 |a SNKBUCL  |b slo  |c SNKBUCL  |e AACR2 
041 0 |a slo 
044 |a xo  |c SK 
080 |a 78.071.2:785+784  |2 1981 
080 |a 785  |2 1981 
080 |a 784  |2 1981 
100 1 |a Albrecht, Ján,  |d 1919-1996  |4 aut  |9 36871 
245 1 0 |a Musica aeterna - zložka Slovenskej filharmónie  |c Ján Albrecht 
300 |b Obr. 1. 
610 2 7 |a Musica aeterna (hudobná skupina)  |2 snkbucl  |9 34238 
655 7 |a články z novín a časopisov  |2 snkbucl  |9 267496 
773 0 |t Hudobný život  |g Roč. 19, č. 18 (1987), s. 3 
850 |a Slovenská národná knižnica 
852 |a Slovenská národná knižnica 
954 |a odborná, vedecká literatúra pôvodná (slovenská)  |2 lita 
957 |a 5100 
958 |a article27 
958 |a OND 
958 |a RK 
958 |a EUIPO 
992 |a RBX 
999 |c 2736039  |d 2737969